<?xml version="1.0" encoding="UTF-8"?>
<record
    xmlns:xsi="http://www.w3.org/2001/XMLSchema-instance"
    xsi:schemaLocation="http://www.loc.gov/MARC21/slim http://www.loc.gov/standards/marcxml/schema/MARC21slim.xsd"
    xmlns="http://www.loc.gov/MARC21/slim">

  <leader>02135nam a22002537a 4500</leader>
  <controlfield tag="003">NALT</controlfield>
  <controlfield tag="005">20241009153721.0</controlfield>
  <controlfield tag="008">220217b        th ||||| |||| 00| 0 tha d</controlfield>
  <datafield tag="020" ind1=" " ind2=" ">
    <subfield code="a">9786163142337</subfield>
  </datafield>
  <datafield tag="040" ind1=" " ind2=" ">
    <subfield code="a">NALT</subfield>
  </datafield>
  <datafield tag="100" ind1="0" ind2=" ">
    <subfield code="a">&#xE2A;&#xE21;&#xE25;&#xE31;&#xE01;&#xE29;&#xE13;&#xE4C; &#xE08;&#xE31;&#xE14;&#xE01;&#xE23;&#xE30;&#xE1A;&#xE27;&#xE19;&#xE1E;&#xE25;</subfield>
    <subfield code="9">36347</subfield>
  </datafield>
  <datafield tag="245" ind1="1" ind2="0">
    <subfield code="a">&#xE23;&#xE30;&#xE1A;&#xE1A;&#xE28;&#xE32;&#xE25;&#xE41;&#xE25;&#xE30;&#xE2B;&#xE25;&#xE31;&#xE01;&#xE17;&#xE31;&#xE48;&#xE27;&#xE44;&#xE1B;&#xE27;&#xE48;&#xE32;&#xE14;&#xE49;&#xE27;&#xE22;&#xE27;&#xE34;&#xE18;&#xE35;&#xE1E;&#xE34;&#xE08;&#xE32;&#xE23;&#xE13;&#xE32;&#xE04;&#xE14;&#xE35; /</subfield>
    <subfield code="c">&#xE2A;&#xE21;&#xE25;&#xE31;&#xE01;&#xE29;&#xE13;&#xE4C; &#xE08;&#xE31;&#xE14;&#xE01;&#xE23;&#xE30;&#xE1A;&#xE27;&#xE19;&#xE1E;&#xE25;.</subfield>
  </datafield>
  <datafield tag="250" ind1=" " ind2=" ">
    <subfield code="a">&#xE1E;&#xE34;&#xE21;&#xE1E;&#xE4C;&#xE04;&#xE23;&#xE31;&#xE49;&#xE07;&#xE17;&#xE35;&#xE48; 2 &#xE41;&#xE01;&#xE49;&#xE44;&#xE02;&#xE40;&#xE1E;&#xE34;&#xE48;&#xE21;&#xE40;&#xE15;&#xE34;&#xE21;</subfield>
  </datafield>
  <datafield tag="260" ind1=" " ind2=" ">
    <subfield code="a">&#xE01;&#xE23;&#xE38;&#xE07;&#xE40;&#xE17;&#xE1E;&#xE2F; :</subfield>
    <subfield code="b">&#xE21;&#xE2B;&#xE32;&#xE27;&#xE34;&#xE17;&#xE22;&#xE32;&#xE25;&#xE31;&#xE22;&#xE18;&#xE23;&#xE23;&#xE21;&#xE28;&#xE32;&#xE2A;&#xE15;&#xE23;&#xE4C;,</subfield>
    <subfield code="c">2559.</subfield>
  </datafield>
  <datafield tag="300" ind1=" " ind2=" ">
    <subfield code="a">207 &#xE2B;&#xE19;&#xE49;&#xE32; :</subfield>
    <subfield code="b">&#xE15;&#xE32;&#xE23;&#xE32;&#xE07;, &#xE20;&#xE32;&#xE1E;&#xE1B;&#xE23;&#xE30;&#xE01;&#xE2D;&#xE1A; ;</subfield>
    <subfield code="c">26 &#xE0B;&#xE21;.</subfield>
  </datafield>
  <datafield tag="505" ind1=" " ind2=" ">
    <subfield code="a">&#xE2B;&#xE21;&#xE27;&#xE14;&#xE17;&#xE35;&#xE48; 1 &#xE1B;&#xE23;&#xE30;&#xE27;&#xE31;&#xE15;&#xE34;&#xE28;&#xE32;&#xE2A;&#xE15;&#xE23;&#xE4C;&#xE41;&#xE25;&#xE30;&#xE01;&#xE23;&#xE30;&#xE17;&#xE23;&#xE27;&#xE07;&#xE22;&#xE38;&#xE15;&#xE34;&#xE18;&#xE23;&#xE23;&#xE21; -- &#xE2B;&#xE21;&#xE27;&#xE14;&#xE17;&#xE35;&#xE48; 2 &#xE1E;&#xE23;&#xE30;&#xE18;&#xE23;&#xE23;&#xE21;&#xE19;&#xE39;&#xE0D;&#xE28;&#xE32;&#xE25;&#xE22;&#xE38;&#xE15;&#xE34;&#xE18;&#xE23;&#xE23;&#xE21; -- &#xE2B;&#xE21;&#xE27;&#xE14;&#xE17;&#xE35;&#xE48; 3 &#xE28;&#xE32;&#xE25;&#xE22;&#xE38;&#xE15;&#xE34;&#xE18;&#xE23;&#xE23;&#xE21;&#xE23;&#xE30;&#xE1A;&#xE1A;&#xE28;&#xE32;&#xE25;&#xE43;&#xE19;&#xE1B;&#xE31;&#xE08;&#xE08;&#xE38;&#xE1A;&#xE31;&#xE19; -- &#xE2B;&#xE21;&#xE27;&#xE14;&#xE17;&#xE35;&#xE48; 4 &#xE23;&#xE30;&#xE1A;&#xE1A;&#xE15;&#xE38;&#xE25;&#xE32;&#xE01;&#xE32;&#xE23; -- &#xE2B;&#xE21;&#xE27;&#xE14;&#xE17;&#xE35;&#xE48; 5 &#xE1C;&#xE39;&#xE49;&#xE17;&#xE33;&#xE2B;&#xE19;&#xE49;&#xE32;&#xE17;&#xE35;&#xE48;&#xE1A;&#xE23;&#xE34;&#xE2B;&#xE32;&#xE23;&#xE02;&#xE2D;&#xE07;&#xE28;&#xE32;&#xE25;&#xE22;&#xE38;&#xE15;&#xE34;&#xE18;&#xE23;&#xE23;&#xE21; -- &#xE2B;&#xE21;&#xE27;&#xE14;&#xE17;&#xE35;&#xE48; 6 &#xE1C;&#xE39;&#xE49;&#xE1E;&#xE34;&#xE1E;&#xE32;&#xE01;&#xE29;&#xE32; -- &#xE2B;&#xE21;&#xE27;&#xE14;&#xE17;&#xE35;&#xE48; 7 &#xE2D;&#xE07;&#xE04;&#xE4C;&#xE04;&#xE13;&#xE30;&#xE1C;&#xE39;&#xE49;&#xE1E;&#xE34;&#xE1E;&#xE32;&#xE01;&#xE29;&#xE32; -- &#xE2B;&#xE21;&#xE27;&#xE14;&#xE17;&#xE35;&#xE48; 8 &#xE28;&#xE32;&#xE25; -- &#xE2B;&#xE21;&#xE27;&#xE14;&#xE17;&#xE35;&#xE48; 9 &#xE01;&#xE32;&#xE23;&#xE08;&#xE48;&#xE32;&#xE22; &#xE01;&#xE32;&#xE23;&#xE42;&#xE2D;&#xE19; &#xE41;&#xE25;&#xE30;&#xE01;&#xE32;&#xE23;&#xE40;&#xE23;&#xE35;&#xE22;&#xE01;&#xE04;&#xE37;&#xE19;&#xE2A;&#xE33;&#xE19;&#xE27;&#xE19;&#xE04;&#xE14;&#xE35;</subfield>
  </datafield>
  <datafield tag="650" ind1=" " ind2="4">
    <subfield code="9">8990</subfield>
    <subfield code="a">&#xE01;&#xE23;&#xE30;&#xE1A;&#xE27;&#xE19;&#xE01;&#xE32;&#xE23;&#xE22;&#xE38;&#xE15;&#xE34;&#xE18;&#xE23;&#xE23;&#xE21; </subfield>
    <subfield code="z">&#xE44;&#xE17;&#xE22;</subfield>
  </datafield>
  <datafield tag="650" ind1=" " ind2="4">
    <subfield code="9">7155</subfield>
    <subfield code="a">&#xE18;&#xE23;&#xE23;&#xE21;&#xE19;&#xE39;&#xE0D;&#xE28;&#xE32;&#xE25;&#xE22;&#xE38;&#xE15;&#xE34;&#xE18;&#xE23;&#xE23;&#xE21;</subfield>
  </datafield>
  <datafield tag="650" ind1=" " ind2="4">
    <subfield code="9">14937</subfield>
    <subfield code="a">&#xE01;&#xE32;&#xE23;&#xE1E;&#xE34;&#xE08;&#xE32;&#xE23;&#xE13;&#xE32;&#xE41;&#xE25;&#xE30;&#xE15;&#xE31;&#xE14;&#xE2A;&#xE34;&#xE19;&#xE04;&#xE14;&#xE35;</subfield>
  </datafield>
  <datafield tag="850" ind1=" " ind2=" ">
    <subfield code="a">NALT</subfield>
  </datafield>
  <datafield tag="942" ind1=" " ind2=" ">
    <subfield code="2">lcc</subfield>
    <subfield code="c">LB</subfield>
  </datafield>
  <datafield tag="998" ind1=" " ind2=" ">
    <subfield code="a">kornsiririn</subfield>
    <subfield code="j">2118</subfield>
    <subfield code="k"> &#xE27;&#xE34;&#xE20;&#xE32;&#xE27;&#xE23;&#xE23;&#xE13;  &#xE40;&#xE2A;&#xE47;&#xE07;&#xE08;&#xE35;&#xE19;</subfield>
  </datafield>
  <datafield tag="999" ind1=" " ind2=" ">
    <subfield code="c">99680</subfield>
    <subfield code="d">99680</subfield>
  </datafield>
  <datafield tag="090" ind1=" " ind2=" ">
    <subfield code="a">KT 11</subfield>
    <subfield code="b">&#xE2A;277&#xE23; 2559</subfield>
  </datafield>
  <datafield tag="952" ind1=" " ind2=" ">
    <subfield code="0">0</subfield>
    <subfield code="1">0</subfield>
    <subfield code="2">local</subfield>
    <subfield code="4">0</subfield>
    <subfield code="7">0</subfield>
    <subfield code="8">CSEN</subfield>
    <subfield code="a">NALT</subfield>
    <subfield code="b">NALT</subfield>
    <subfield code="c">LAW</subfield>
    <subfield code="d">2022-02-17</subfield>
    <subfield code="l">2</subfield>
    <subfield code="o">KT 11 &#xE2A;277&#xE23; 2559</subfield>
    <subfield code="p">0100007978001</subfield>
    <subfield code="r">2025-02-13 00:00:00</subfield>
    <subfield code="s">2024-10-09</subfield>
    <subfield code="w">2022-02-17</subfield>
    <subfield code="y">LB</subfield>
  </datafield>
</record>
